00000000nam 2200000zi 4500
0019.929123
003CaOODSP
00520231116121308
006m     o  d f      
007cr |n|||||||||
008231019s2023    onca    o    f|0| 0 per d
040 |aCaOODSP|beng|erda|cCaOODSP
043 |an-cn---
0861 |aRv4-171/2023Per-PDF
24500|a[New to Canada? : |bthe CRA can help.]
250 |a[Persian edition].
264 1|a[Ottawa] : |bCanada Revenue Agency = Agence du revenue du Canada, |c[2023]
300 |a1 online resource (2 unnumbered pages) : |bcolour illustrations
336 |atext|btxt|2rdacontent
337 |acomputer|bc|2rdamedia
338 |aonline resource|bcr|2rdacarrier
500 |aEnglish title supplied by the publisher.
500 |a"RC629-211 (PA) Rev. 23."
61020|aCanada Revenue Agency|xCustomer services.
650 0|aImmigrants|xTaxation|zCanada.
650 0|aImmigrants|xServices for|zCanada.
650 0|aFamily allowances|zCanada.
650 0|aTax credits|zCanada.
650 0|aTax returns|zCanada.
7102 |aCanada Revenue Agency, |eissuing body.
77508|tNew to Canada? : |w(CaOODSP)9.924755
85640|qPDF|s264 KB|uhttps://publications.gc.ca/collections/collection_2023/arc-cra/Rv4-171-2023-per.pdf